000
00324 a2200157 4500
001
68837
020
_a
8574883611
040
_c
Anchieta - Itaigara
240
1
0
_a
A pequena sereia
_l
por
245
1
0
_a
A pequena sereia
300
_a
21
362
0
_a
0
440
1
_a
Girassol
650
4
_a
Literatura infantil
942
_c
BK
999
_c
68837
_d
68837